000 00239nam a22001217a 4500
003 SGT
082 _a823.92
_bBAR
100 _aBARRIE J.M
245 _aPETER PAN
260 _aUK
_bPENGUIN PUB
_c2015
300 _a207
942 _2ddc
_cBK
999 _c33833
_d33833